000 01332cam a22003737a 4500
003 CHAP
005 20220817043532.0
008 990520d1998 mx a r 00010 spa d
010 _a77874
011 _a78846
020 _a9688384046
035 _a88947
040 _cCHAP
082 0 4 _a972.721
_bM4
110 2 _aMéxico. Secretaría de Desarrollo Social
245 1 0 _aOrganización, desarrollo y gobierno indígena en la tarahumara
_c/por Secretaría de Desarrollo Social
260 _aMéxico :
_bSEDESOL,
_c1998
300 _a79 p. :
_bilus.
490 0 _aSerie de divulgación
590 _aBATCH-UPD
_b10
_c20130110
_lUCH01
_h2007
590 _aBATCH-UPD
_b10
_c20130410
_lUCH01
_h1327
590 _aBATCH-UPD
_b10
_c20130914
_lUCH01
_h0922
590 _aCONVERSION
_b10
_c20130109
_lUCH01
_h1343
650 1 4 _aChihuahua
_xCondiciones rurales.
_922294
650 1 4 _aChihuahua
_xCondiciones sociales.
_922295
650 1 4 _aTarahumaras
_xCondiciones sociales.
_9111682
830 0 _aSerie de divulgación
_9104706
901 _aBK
905 _aLilia Sánchez G.
942 _cLIBRO
949 _a972.721 M4
_bBC
_cLIBRO
_d33724000723763
_eLIBRO
_h95339
_i88947
_si
949 _a972.721 M4
_bBC
_cLIBRO
_d33724000723813
_eLIBRO
_fc.2
_h95340
_i88947
_si
949 _a972.721 M4
_bBC
_cLIBRO
_d33724000723821
_eLIBRO
_fc.3
_h95341
_i88947
_si
999 _c77874
_d77874